Fußballer anhand von Bildern erraten #1 - Statistiken

Allgemein
  • Dieses Quiz wurde 1.664 mal gespielt
  • Das Durchschnittsergebnis liegt bei 18 aus 20
Antwortstatistiken
Bildquiz Antwort % Korrekt
Cristiano Ronaldo
99%
Lionel Messi
99%
Neymar
99%
Kylian Mbappe
98%
Toni Kroos
97%
Harry Kane
96%
Robert Lewandowski
95%
Luka Modric
94%
Zlatan Ibrahimovic
94%
Sergio Ramos
92%
Arjen Robben
91%
Gareth Bale
91%
Mohamed Salah
91%
Kevin de Bruyne
89%
Antoine Griezmann
87%
Luis Suarez
87%
Andres Iniesta
83%
Eden Hazard
80%
David de Gea
77%
Giorgio Chiellini
68%
Keine übereinstimmenden Quizze gefunden
Verteilung der Resultate
Anzahl Personen mit jedem Resultat
Perzentil nach korrekt beantworteten Fragen
Ihre Resultats-Entwicklung
Sie haben dieses Quiz noch nicht gespielt